000 01150cad a22002415a 4500
001 L153122
008 110610e20110520xxkd f s 000 0 eng d
035 _a(Sirsi) u153122
041 0 _aeng
050 0 4 _a333.33 $2 18
110 2 _aRoyal Institution of Chartered Surveyors
_bEconomics
_95033
245 0 0 _aRICS global real estate weekly
_b3 June 2011
_h[electronic resource]
260 _aLondon
_bRICS
_c2011
490 0 _aRICS Global Real Estate Weekly
_v3 June 2011
520 _aHousing loan demand rebounds in Poland as economy continues to accelerate. Tighter ECB policy likely to have uneven impact across euro area housing markets. New Zealand house prices likely to ease on weaker sentiment. UK construction output to begin to show a slightly more positive trend.
590 _aKA
650 2 4 _aRICS GLOBAL REAL ESTATE WEEKLY
651 4 _aInternational
690 _aBUILT ENVIRONMENT-CONSTRUCTION MARKET
690 _aPROPERTY-RESIDENTIAL PROPERTY-RESIDENTIAL PROPERTY MARKET
856 4 0 _uhttps://www.rics.org/site/download_feed.aspx?fileID=9729&fileExtension=PDF
_zView the report free of charge at www.rics.org
942 _n0
999 _c112388
_d112388